00655cam a22002173a 450000100060000000300060000600500170001200800410002904000150007004200070008505000060009210000370009824501070013526000290024250600300027151600200030165300120032170000330033383000290036685600420039535584PGUSA20140828083751.0110316s2011||||xxu|||||s|||||000 | eng d aPGUSAbeng adc 4aQ1 aHuxley, Thomas Henry,d1825-189510aAphorisms and Reflections from the works of T. H. Huxleyh[electronic resource] /cThomas Henry Huxley bProject Gutenberg,c2011 aPublic domain in the USA. aElectronic text aScience1 aHuxley, Henrietta A.,d-1915 0aProject Gutenbergv3558440uhttp://www.gutenberg.org/ebooks/35584